000 00600nam a2200205Ia 4500
005 20250508160732.0
008 008 250505s9999 xx 000 0 eng d
037 _aTextual
040 _aFEDL
_beng
_cFEDL
041 _aeng
_2eng
084 _a001.422, DIC
_qFEDL
100 _aDick Walter
_9140100
245 0 _aTopics in measurment: Reliability and validity
260 _aNew York, USA
_bMcGraw Hill Book Company
_c1971
300 _a190p.
650 _aStatistical Methods
700 _a Hagerty Nancy
_9769233
942 _cTEXL
_h001.422, DIC
999 _c1366321
_d1366321